Thi công kiến trúc cao tầng. Tập 2, Thi công kết cấu chính

Đã lưu trong:
Bibliografiske detaljer
Format: Bog
Sprog:Vietnamese
Udgivet: Giao Thông Vận tải 2002
Fag:
Tags: Tilføj Tag
Ingen Tags, Vær først til at tagge denne postø!
Thư viện lưu trữ: Mạng thư viện Đại học Đà Nẵng
LEADER 01109nam a2200301 a 4500
001 000002056
003 00569
005 20171229145311.0
008 171229s2002 vie
040 |a LSK 
041 0 |a VIE 
082 0 |a 721.042  |b Th-C 
245 0 0 |a Thi công kiến trúc cao tầng. Tập 2, Thi công kết cấu chính  |c Diệp Lâm Tiêu chủ biên; Hồ Thế Đức và nhóm tác giả; Nguyễn Xuân Trọng dịch 
260 |b Giao Thông Vận tải  |c 2002 
300 |a 429 pages  |c 20,5 cm. 
653 |a Xây dựng - Kiến trúc cao tầng 
852 |a Phòng Đọc - Phòng Mượn 
901 |a 4 
927 |a Sách chuyên khảo 
OWN |a LSK 
AVA |a UDN50  |b LSK  |d 721.042 Th-C  |e available  |t Error 5001 Not defined in file expand_doc_bib_avail.  |f 4  |g 0  |h N  |i 0  |k 1 
999 |a From the UDN01 
AVA |a UDN50  |b LSK  |d 721.042 Th-C  |e available  |t Error 5001 Not defined in file expand_doc_bib_avail.  |f 4  |g 0  |h N  |i 0  |k 1 
TYP |a Monograph 
TYP |a Printed language 
980 |a Mạng thư viện Đại học Đà Nẵng